Report of the 1990 Intercensal Survey of Marine Fishery

Guardado en:
Detalles Bibliográficos
Formato: Libro
Lenguaje:tailandés
inglés
Publicado: Bangkok National Statistical Office 1990
Edición:1. ed.
Etiquetas: Agregar Etiqueta
Sin Etiquetas, Sea el primero en etiquetar este registro!

MARC

LEADER 00000nam a2200000 4500
001 c003296
005 20251217140417.2
041 0 |a tha 
041 0 |a eng 
044 |a TH 
245 1 0 |a Report of the 1990 Intercensal Survey of Marine Fishery 
250 |a 1. ed. 
264 1 |a Bangkok  |b National Statistical Office  |c 1990 
300 |a 217 s.